[Event "18.Open Seefeld"]
[Site "Seefeld / Oesterreich"]
[Date "2007.09.07"]
[Round "7"]
[White "van der Weide, Karel"]
[Black "Sandhu, Mario"]
[Result "1/2-1/2"]
[WhiteElo "2502"]
[BlackElo "2338"]
[PlyCount "41"]
[EventDate "2007.09.01"]
[EventType "swiss"]
[EventRounds "9"]
[EventCountry "AUT"]

1. e4 c6 2. d4 d5 3. e5 c5 4. dxc5 Nc6 5. Bb5 e6 6. Be3 Nge7 7. c3 Bd7 8. Bxc6
Bxc6 9. Nf3 Nf5 10. Bd4 Nxd4 11. Qxd4 Qa5 12. b4 Qa6 13. Qe3 b6 14. cxb6 axb6
15. Nd4 Bd7 16. f4 Be7 17. a4 Bxa4 18. Nd2 O-O 19. h4 Qb7 20. O-O Bd7 21. N2f3
1/2-1/2

[Event "18.Open Seefeld"]
[Site "Seefeld / Oesterreich"]
[Date "2007.09.07"]
[Round "7"]
[White "Kroencke, Manfred"]
[Black "Bayer, Bernhard"]
[Result "0-1"]
[WhiteElo "2207"]
[BlackElo "2356"]
[PlyCount "92"]
[EventDate "2007.09.01"]
[EventType "swiss"]
[EventRounds "9"]
[EventCountry "AUT"]

1. e4 c6 2. d4 d5 3. exd5 cxd5 4. Bd3 Nc6 5. c3 g6 6. Bf4 Nf6 7. Nd2 Bg7 8.
Ngf3 Nh5 9. Be3 O-O 10. Nf1 Qd6 11. Ng3 Nf4 12. Bxf4 Qxf4 13. O-O Kh8 14. Re1
Bd7 15. Qb3 Qd6 16. a4 Rac8 17. a5 Rc7 18. Nf1 e5 19. dxe5 Nxe5 20. Nxe5 Bxe5
21. h3 Be6 22. Nd2 Bg7 23. Qa4 d4 24. c4 Qf4 25. Rad1 Bd7 26. Qb4 Bc6 27. Be4
h6 28. Bxc6 bxc6 29. Re4 Qf5 30. Rde1 Kh7 31. Qd6 Qxa5 32. Nb3 Qb6 33. Nxd4
Rcc8 34. c5 Qxb2 35. Nxc6 Qa3 36. Re7 a5 37. Qd5 a4 38. R7e3 Qb2 39. Ne7 Rcd8
40. Qc4 a3 41. c6 a2 42. c7 Ra8 43. c8=Q Rfxc8 44. Qxf7 Rf8 45. Qxg6+ Kh8 46.
Qe4 Ra6 0-1

[Event "18.Open Seefeld"]
[Site "Seefeld / Oesterreich"]
[Date "2007.09.07"]
[Round "7"]
[White "Wanderer, Thomas"]
[Black "Vatter, Hans-Joachim"]
[Result "1/2-1/2"]
[WhiteElo "2215"]
[BlackElo "2319"]
[PlyCount "99"]
[EventDate "2007.09.01"]
[EventType "swiss"]
[EventRounds "9"]
[EventCountry "AUT"]

1. e4 c5 2. Nc3 Nc6 3. g3 g6 4. Bg2 Bg7 5. d3 d6 6. Be3 Rb8 7. Qd2 b5 8. Nge2
b4 9. Nd1 Nd4 10. O-O e6 11. Nc1 e5 12. c3 Nc6 13. Ne2 Qb6 14. f4 Nge7 15. Kh1
f5 16. fxe5 Nxe5 17. Bg5 N5c6 18. exf5 Bxf5 19. g4 Bxg4 20. Qf4 Ne5 21. Bxe7
Bxe2 22. Ne3 Bxf1 23. Rxf1 Rb7 24. Nc4 Rxe7 25. Nxb6 Rf8 26. Qe4 Rxf1+ 27. Bxf1
axb6 28. cxb4 Kf8 29. Qa8+ Re8 30. Qb7 Nf7 31. b3 Bd4 32. Qxb6 Re1 33. Kg2 Ra1
34. Qa5 Rb1 35. bxc5 dxc5 36. Qa8+ Kg7 37. h4 Ne5 38. Qb7+ Kh6 39. a4 Rb2+ 40.
Kg3 Rf2 41. Bh3 Nxd3 42. Qd5 Rf6 43. Qg5+ Kg7 44. a5 Be5+ 45. Kg2 Bd4 46. Kh1
Nf2+ 47. Kh2 Ne4 48. Qg4 Be5+ 49. Kg1 Bd4+ 50. Kh2 1/2-1/2

[Event "18.Open Seefeld"]
[Site "Seefeld / Oesterreich"]
[Date "2007.09.07"]
[Round "7"]
[White "Thoeny, Hermann"]
[Black "Stabolewski, Andreas"]
[Result "1/2-1/2"]
[WhiteElo "2123"]
[BlackElo "2263"]
[PlyCount "101"]
[EventDate "2007.09.01"]
[EventType "swiss"]
[EventRounds "9"]
[EventCountry "AUT"]

1. d4 d5 2. Nf3 c5 3. c3 Nc6 4. Bf4 Nf6 5. e3 Qb6 6. Qb3 c4 7. Qc2 Bf5 8. Qc1
h6 9. h3 g5 10. Bh2 Bg7 11. Nbd2 Ne4 12. b3 cxb3 13. axb3 Rc8 14. g4 Bg6 15.
Qb2 O-O 16. b4 Nxc3 17. b5 a6 18. Qxc3 Nxd4 19. Qxd4 Bxd4 20. Nxd4 axb5 21.
Bxb5 Rc5 22. Be2 Qb2 23. Rd1 Bc2 24. Nxc2 Rxc2 25. Bd3 Rc1 26. Ke2 Rfc8 27.
Rxc1 Rxc1 28. Be5 Qa3 29. Rxc1 Qxc1 30. Nf1 f6 31. Bg3 e5 32. Bf5 Qc4+ 33. Ke1
Kf7 34. Nd2 Qc1+ 35. Ke2 b5 36. h4 b4 37. hxg5 hxg5 38. Bb1 b3 39. f3 Ke7 40.
Be1 Kd6 41. Bd3 b2 42. Bb1 Kc6 43. Bd3 Kb6 44. e4 d4 45. Bb1 Kb5 46. Bd3+ Ka4
47. Bf2 Kb4 48. Be1 Kc3 49. Nb1+ Kb3 50. Nd2+ Ka2 51. Bf2 1/2-1/2

[Event "18.Open Seefeld"]
[Site "Seefeld / Oesterreich"]
[Date "2007.09.07"]
[Round "7"]
[White "Jaenig, Reinhard"]
[Black "Natter, Siegfried"]
[Result "0-1"]
[WhiteElo "2176"]
[BlackElo "2233"]
[PlyCount "124"]
[EventDate "2007.09.01"]
[EventType "swiss"]
[EventRounds "9"]
[EventCountry "AUT"]

1. e4 c5 2. Nf3 e6 3. d4 cxd4 4. Nxd4 a6 5. Bd3 b5 6. O-O Qb6 7. Nb3 Bb7 8. Be3
Qc7 9. a4 b4 10. N1d2 Nf6 11. Qe2 d5 12. Bd4 dxe4 13. Nxe4 Nd5 14. g3 Nc6 15.
Bc5 Bxc5 16. Nexc5 Nd4 17. Nxd4 Qxc5 18. Rad1 O-O 19. Qe4 g6 20. Qe5 Rac8 21.
Nb3 Qb6 22. Rfe1 Rfd8 23. h4 Nc7 24. Qc5 Qc6 25. Qxc6 Bxc6 26. Nc5 Bf3 27. Ra1
Rd6 28. Ne4 Bxe4 29. Rxe4 Nd5 30. Kf1 a5 31. Rc4 Rxc4 32. Bxc4 Nb6 33. Bb3 Kf8
34. Ke2 Ke7 35. Rc1 Rc6 36. Kd2 Nc4+ 37. Bxc4 Rxc4 38. b3 Rc3 39. Re1 Kd6 40.
Re3 Rxe3 41. Kxe3 Kd5 42. Kd3 e5 43. c3 bxc3 44. Kxc3 Kc5 45. g4 f6 46. Kd3 Kb4
47. Kc2 f5 48. gxf5 gxf5 49. f3 h5 50. Kb2 e4 51. fxe4 fxe4 52. Kc2 e3 53. Kd3
Kxb3 54. Kxe3 Kxa4 55. Kf4 Kb4 56. Kg5 a4 57. Kxh5 a3 58. Kg6 a2 59. h5 a1=Q
60. Kh7 Qa7+ 61. Kg8 Qb8+ 62. Kg7 Qe5+ 0-1

[Event "18.Open Seefeld"]
[Site "Seefeld / Oesterreich"]
[Date "2007.09.07"]
[Round "7"]
[White "Heinig, Wolfram"]
[Black "Kammers, Heribert"]
[Result "1-0"]
[WhiteElo "2360"]
[BlackElo "2104"]
[PlyCount "85"]
[EventDate "2007.09.01"]
[EventType "swiss"]
[EventRounds "9"]
[EventCountry "AUT"]

1. d4 Nf6 2. c4 g6 3. Nc3 d5 4. Nf3 Bg7 5. Bg5 c6 6. e3 O-O 7. Rc1 Be6 8. Bxf6
Bxf6 9. cxd5 Bxd5 10. Be2 Qb6 11. Nxd5 cxd5 12. Qd2 Nc6 13. O-O Rad8 14. Rc5 a6
15. Rfc1 e5 16. dxe5 Nxe5 17. Nxe5 Bxe5 18. b3 Qd6 19. f4 Bg7 20. Bf3 d4 21. e4
d3 22. e5 Qd4+ 23. Kh1 b5 24. a4 g5 25. axb5 axb5 26. fxg5 Bxe5 27. g3 Rfe8 28.
Rxb5 Rc8 29. Rxc8 Rxc8 30. Rd5 Qa1+ 31. Bd1 Qa8 32. Qxd3 Rd8 33. Bf3 Rxd5 34.
Bxd5 Qa1+ 35. Kg2 Qd4 36. Qf3 Qa7 37. b4 Qe7 38. b5 Bc7 39. Bc4 Bb6 40. Qf5 Bd8
41. h4 Qa7 42. Bd5 Ba5 43. h5 1-0

[Event "18.Open Seefeld"]
[Site "Seefeld / Oesterreich"]
[Date "2007.09.07"]
[Round "7"]
[White "Schunk, Thomas"]
[Black "Wallnoefer, Hannes"]
[Result "1-0"]
[WhiteElo "2346"]
[BlackElo "2096"]
[PlyCount "153"]
[EventDate "2007.09.01"]
[EventType "swiss"]
[EventRounds "9"]
[EventCountry "AUT"]

1. c4 c6 2. Nf3 d5 3. b3 Bf5 4. Bb2 e6 5. g3 Nf6 6. Bg2 Nbd7 7. O-O Bd6 8. d3
Qc7 9. Nc3 O-O 10. Rc1 a6 11. Nh4 d4 12. Nb1 c5 13. Nxf5 exf5 14. b4 Rae8 15.
bxc5 Bxc5 16. Nd2 f4 17. Nb3 fxg3 18. hxg3 b6 19. Bxd4 Bxd4 20. Nxd4 Qe5 21. e3
Nc5 22. Bf3 h5 23. Kg2 Ng4 24. Rb1 Qf6 25. Bxg4 hxg4 26. Qxg4 Nxd3 27. Qf5 Qxf5
28. Nxf5 g6 29. Nd4 Rb8 30. Nc6 Rb7 31. Rfd1 Nc5 32. Rd5 Na4 33. Rd6 b5 34. Na5
Rc7 35. cxb5 axb5 36. Rxb5 Nc3 37. Rb2 Ra8 38. Nc6 Rxa2 39. Rxa2 Nxa2 40. g4
Nc3 41. Kf3 Kg7 42. g5 Kh7 43. Kf4 Kg7 44. f3 Ne2+ 45. Kg4 Nc3 46. e4 Nb5 47.
Rf6 Rd7 48. Ne5 Re7 49. f4 Nd4 50. Rd6 Rxe5 51. Rxd4 Re7 52. Kf3 Ra7 53. Ke3
Ra3+ 54. Rd3 Ra7 55. Rc3 Rd7 56. Rc6 Ra7 57. Kd4 Rb7 58. e5 Rb4+ 59. Rc4 Rb7
60. Kd5 Rd7+ 61. Kc6 Ra7 62. Kd6 Rb7 63. Rc7 Rb6+ 64. Kd5 Ra6 65. Rc4 Rb6 66.
Kc5 Ra6 67. Rb4 Ra7 68. Kb6 Rd7 69. Ra4 Re7 70. Rd4 Re6+ 71. Rd6 Re7 72. Rc6
Re8 73. Kc5 Re7 74. Kd6 Ra7 75. e6 fxe6 76. Rc7+ Rxc7 77. Kxc7 1-0

[Event "18.Open Seefeld"]
[Site "Seefeld / Oesterreich"]
[Date "2007.09.07"]
[Round "7"]
[White "Babinetz, Rainer"]
[Black "Kesik, Klaus-Dieter"]
[Result "1-0"]
[WhiteElo "2139"]
[BlackElo "2332"]
[PlyCount "37"]
[EventDate "2007.09.01"]
[EventType "swiss"]
[EventRounds "9"]
[EventCountry "AUT"]

1. d4 d5 2. c4 e6 3. Nc3 Nf6 4. Bg5 Be7 5. e3 h6 6. Bh4 Ne4 7. Bxe7 Qxe7 8. Bd3
f5 9. Qh5+ Kf8 10. Nge2 c6 11. Nf4 Qf7 12. Qg6 h5 13. Nxe4 dxe4 14. Be2 h4 15.
Qg5 Kg8 16. Ng6 Rh6 17. Qd8+ Kh7 18. Nf8+ Kh8 19. Qxc8 1-0

[Event "18.Open Seefeld"]
[Site "Seefeld / Oesterreich"]
[Date "2007.09.07"]
[Round "7"]
[White "Wempe, Juergen"]
[Black "Mueller, Helmut"]
[Result "1-0"]
[WhiteElo "2204"]
[BlackElo "2077"]
[PlyCount "43"]
[EventDate "2007.09.01"]
[EventType "swiss"]
[EventRounds "9"]
[EventCountry "AUT"]

1. d4 d5 2. Nf3 Nf6 3. Bf4 Bf5 4. Ne5 Nbd7 5. Nd2 h6 6. c4 c6 7. cxd5 cxd5 8.
Qa4 g5 9. Bg3 Bg7 10. e3 O-O 11. Bd3 Bxd3 12. Nxd3 Qb6 13. O-O Rac8 14. Rac1
Rfd8 15. b4 a6 16. Nb3 Rc4 17. Na5 Rcc8 18. Nc5 Nxc5 19. bxc5 Qa7 20. Rb1 Rd7
21. Rb6 e5 22. Rxf6 1-0

[Event "18.Open Seefeld"]
[Site "Seefeld / Oesterreich"]
[Date "2007.09.07"]
[Round "7"]
[White "Kugelmann, Werner"]
[Black "Russ, Colin"]
[Result "1-0"]
[WhiteElo "2202"]
[BlackElo "1967"]
[PlyCount "77"]
[EventDate "2007.09.01"]
[EventType "swiss"]
[EventRounds "9"]
[EventCountry "AUT"]

1. e4 c6 2. d4 d5 3. e5 Bf5 4. Nc3 e6 5. g4 Bg6 6. Nge2 Bb4 7. Nf4 Ne7 8. h4 h6
9. Nxg6 Nxg6 10. h5 Nf8 11. Bd2 Nbd7 12. Qe2 Qe7 13. a3 Ba5 14. O-O-O O-O-O 15.
Kb1 Bb6 16. Be1 a6 17. f4 Kb8 18. Bh4 f6 19. Bg2 Ka8 20. Rhe1 g5 21. exf6 Qxf6
22. fxg5 hxg5 23. Rf1 Qg7 24. Bf2 Nf6 25. Bg3 N6d7 26. Qd2 e5 27. dxe5 Nxe5 28.
Bxe5 Qxe5 29. Rde1 Qg7 30. Rf5 Nh7 31. Na4 Bd4 32. Qb4 Bf6 33. Nc5 Qf7 34. Re6
Rb8 35. c4 b6 36. Rxc6 Qa7 37. Bxd5 Rb7 38. Rxb6 Rhb8 39. Nxb7 1-0

[Event "18.Open Seefeld"]
[Site "Seefeld / Oesterreich"]
[Date "2007.09.07"]
[Round "7"]
[White "Platzgummer, Fabian"]
[Black "Schlosser, Andree"]
[Result "1-0"]
[WhiteElo "2124"]
[BlackElo "2200"]
[PlyCount "37"]
[EventDate "2007.09.01"]
[EventType "swiss"]
[EventRounds "9"]
[EventCountry "AUT"]

1. e4 d6 2. d4 Nf6 3. Nc3 c6 4. f4 Qa5 5. Bd3 e5 6. Nf3 Bg4 7. Be3 Nbd7 8. O-O
Be7 9. h3 Bxf3 10. Qxf3 O-O 11. Ne2 exd4 12. Bxd4 Nc5 13. Ng3 Nxd3 14. cxd3 d5
15. Kh1 dxe4 16. dxe4 Ne8 17. Nf5 Bc5 18. Bxg7 Nxg7 19. Qg3 1-0

[Event "18.Open Seefeld"]
[Site "Seefeld / Oesterreich"]
[Date "2007.09.07"]
[Round "7"]
[White "Sucher, Johannes"]
[Black "Shahin, Walid"]
[Result "0-1"]
[WhiteElo "2197"]
[BlackElo "2068"]
[PlyCount "78"]
[EventDate "2007.09.01"]
[EventType "swiss"]
[EventRounds "9"]
[EventCountry "AUT"]

1. d4 d5 2. Bg5 c6 3. c3 Bf5 4. Nd2 h6 5. Bh4 Nd7 6. e3 Ngf6 7. f4 e6 8. Be2
Be7 9. Ngf3 Ne4 10. Bxe7 Qxe7 11. O-O O-O-O 12. Nxe4 dxe4 13. Ne5 f6 14. Nc4 g5
15. Qa4 Kb8 16. Na5 Qd6 17. b4 Nb6 18. Qb3 gxf4 19. c4 f3 20. gxf3 exf3 21.
Bxf3 Rhg8+ 22. Kh1 Bg4 23. Bg2 Qc7 24. Rxf6 Bf5 25. Qb2 Qg7 26. d5 Nd7 27. e4
Qxf6 28. Qxf6 Nxf6 29. exf5 exd5 30. b5 cxb5 31. cxd5 Nxd5 32. Re1 Ne3 33. Bf3
Nxf5 34. Re5 Nd4 35. Bxb7 Rde8 36. Re4 Rxe4 37. Bxe4 Re8 38. Bd3 Re3 39. Bf1
Ra3 0-1

[Event "18.Open Seefeld"]
[Site "Seefeld / Oesterreich"]
[Date "2007.09.07"]
[Round "7"]
[White "Stoer, Andreas"]
[Black "Nedelchev, Nikolai"]
[Result "1-0"]
[WhiteElo "2171"]
[BlackElo "1980"]
[PlyCount "57"]
[EventDate "2007.09.01"]
[EventType "swiss"]
[EventRounds "9"]
[EventCountry "AUT"]

1. c4 e6 2. Nf3 Nf6 3. g3 d5 4. Bg2 d4 5. O-O c5 6. d3 Nc6 7. e3 Bd6 8. exd4
cxd4 9. Na3 O-O 10. Nc2 e5 11. Re1 a5 12. b3 Re8 13. Rb1 h6 14. a3 Bf5 15. b4
axb4 16. axb4 Bxd3 17. Qxd3 e4 18. Qd1 d3 19. Ncd4 Nxb4 20. Nd2 Bc5 21. N2b3
Nc2 22. Nxc2 Bxf2+ 23. Kxf2 Ra2 24. Rb2 Rxb2 25. Bxb2 dxc2 26. Qxd8 Ng4+ 27.
Kg1 Rxd8 28. Rxe4 Rd1+ 29. Bf1 1-0

[Event "18.Open Seefeld"]
[Site "Seefeld / Oesterreich"]
[Date "2007.09.07"]
[Round "7"]
[White "Rahn, Oskar"]
[Black "Gruber, Michael"]
[Result "0-1"]
[WhiteElo "2122"]
[BlackElo "2160"]
[PlyCount "62"]
[EventDate "2007.09.01"]
[EventType "swiss"]
[EventRounds "9"]
[EventCountry "AUT"]

1. e4 c5 2. Nf3 d6 3. d4 cxd4 4. Nxd4 Nf6 5. Nc3 a6 6. Be2 e5 7. Nb3 Be7 8. O-O
O-O 9. Kh1 b6 10. Be3 Be6 11. Nd5 Nbd7 12. f3 Bxd5 13. exd5 Nc5 14. Nxc5 bxc5
15. c4 Rb8 16. Qc2 Nd7 17. Bd3 g6 18. g3 f5 19. Bh6 Rf6 20. g4 e4 21. Be2 fxg4
22. fxg4 g5 23. Bxg5 Rxf1+ 24. Rxf1 Bxg5 25. Qxe4 Qe7 26. Qe6+ Qxe6 27. dxe6
Ne5 28. Rf5 h6 29. b3 Re8 30. b4 Rxe6 31. b5 a5 0-1

[Event "18.Open Seefeld"]
[Site "Seefeld / Oesterreich"]
[Date "2007.09.07"]
[Round "7"]
[White "Mertens, Klaus"]
[Black "Breedveld, Andre"]
[Result "1-0"]
[WhiteElo "2090"]
[BlackElo "2151"]
[PlyCount "119"]
[EventDate "2007.09.01"]
[EventType "swiss"]
[EventRounds "9"]
[EventCountry "AUT"]

1. Nf3 Nf6 2. g3 c5 3. Bg2 e6 4. O-O b6 5. c4 Bb7 6. Nc3 d6 7. e3 Nbd7 8. b3 a6
9. Bb2 Qc7 10. Qe2 Be7 11. d4 O-O 12. Rfd1 Rfe8 13. Rd2 Bf8 14. Rad1 Rad8 15.
Qf1 Qb8 16. Ne1 cxd4 17. Rxd4 e5 18. R4d2 e4 19. Nd5 Bxd5 20. cxd5 b5 21. f3
exf3 22. Qxf3 Ne5 23. Qf4 Nh5 24. Qh4 g6 25. Nd3 Be7 26. Qh3 Nxd3 27. Rxd3 Bg5
28. g4 Nf6 29. Qg3 Ne4 30. Bxe4 Rxe4 31. Bd4 Qb7 32. Bb2 Qe7 33. Bd4 Re8 34.
Rf1 Qb7 35. Qf3 R8e7 36. Rfd1 Re8 37. Rf1 Qe7 38. Kf2 Rc8 39. Rfd1 Rc2+ 40.
R1d2 Bh4+ 41. Ke2 Rc8 42. Rd1 Rf8 43. Rg1 Bg5 44. Rc1 f5 45. gxf5 Rh4 46. h3
Rxf5 47. Rc8+ Kf7 48. Qg3 Bf4 49. Qg2 Rg5 50. Qf1 Rf5 51. Qg2 b4 52. Bb6 Qg5
53. Rc7+ Kf6 54. Qxg5+ Bxg5 55. Bd4+ Rxd4 56. Rxd4 Re5 57. e4 h5 58. Rxb4 Bf4
59. Kf3 Bd2 60. Rb6 1-0

[Event "18.Open Seefeld"]
[Site "Seefeld / Oesterreich"]
[Date "2007.09.07"]
[Round "7"]
[White "Storkebaum, Karl-Heinrich"]
[Black "Becker, Joerg"]
[Result "1/2-1/2"]
[WhiteElo "2038"]
[BlackElo "1952"]
[PlyCount "85"]
[EventDate "2007.09.01"]
[EventType "swiss"]
[EventRounds "9"]
[EventCountry "AUT"]

1. d4 Nf6 2. Nf3 e6 3. c4 b6 4. Nc3 d5 5. Bg5 Be7 6. e3 O-O 7. cxd5 exd5 8. Bd3
Bb7 9. O-O Nbd7 10. Rc1 Ne4 11. Bf4 Bd6 12. Bxd6 Nxd6 13. Nb5 Nxb5 14. Bxb5 a6
15. Bc6 Bxc6 16. Rxc6 Rc8 17. Qc2 Nb8 18. Rc3 Nd7 19. b4 b5 20. Rc1 Nb6 21.
Rxc7 Nc4 22. Rxc8 Qxc8 23. e4 dxe4 24. Qxe4 Re8 25. Qd3 Qd8 26. Re1 Rxe1+ 27.
Nxe1 Qe7 28. Nc2 g6 29. g3 Kg7 30. d5 f6 31. a3 Qe5 32. Kg2 Qd6 33. Qd4 Qc7 34.
f4 Qe7 35. Kf3 Kf7 36. a4 Qd7 37. axb5 axb5 38. g4 h5 39. h3 hxg4+ 40. hxg4 Qe7
41. Qc5 Nd2+ 42. Kg2 Qe2+ 43. Qf2 1/2-1/2

[Event "18.Open Seefeld"]
[Site "Seefeld / Oesterreich"]
[Date "2007.09.07"]
[Round "7"]
[White "Oettinger, Hagen"]
[Black "Jandke, Manfred"]
[Result "1/2-1/2"]
[WhiteElo "2085"]
[BlackElo "2201"]
[PlyCount "69"]
[EventDate "2007.09.01"]
[EventType "swiss"]
[EventRounds "9"]
[EventCountry "AUT"]

1. d4 Nf6 2. Nf3 d5 3. g3 Bf5 4. Bg2 c6 5. O-O Nbd7 6. c4 e6 7. Qb3 Qb6 8. c5
Qa6 9. Nc3 b6 10. cxb6 axb6 11. Nh4 Bg4 12. f3 Bh5 13. e4 Be7 14. g4 dxe4 15.
gxh5 Nxh5 16. Nf5 exf5 17. fxe4 O-O 18. Rxf5 g6 19. Rf1 b5 20. Bh6 Ng7 21. e5
Qb6 22. Kh1 Qxd4 23. Rad1 Qa7 24. Bxc6 Nc5 25. Qxb5 Rab8 26. Qe2 Qb6 27. Bd5
Qxb2 28. Qc4 Nce6 29. Rb1 Qa3 30. Bxg7 Kxg7 31. Bxe6 fxe6 32. Qxe6 Rxf1+ 33.
Rxf1 Rf8 34. Rxf8 Kxf8 35. Qc8+ 1/2-1/2

[Event "18.Open Seefeld"]
[Site "Seefeld / Oesterreich"]
[Date "2007.09.07"]
[Round "7"]
[White "Schnegg, Daniel"]
[Black "Schmidt, Juergen"]
[Result "1/2-1/2"]
[WhiteElo "2012"]
[BlackElo "2130"]
[PlyCount "69"]
[EventDate "2007.09.01"]
[EventType "swiss"]
[EventRounds "9"]
[EventCountry "AUT"]

1. e4 e5 2. Nf3 Nc6 3. Bb5 a6 4. Ba4 Nf6 5. O-O b5 6. Bb3 Be7 7. Re1 O-O 8. c3
d6 9. h3 Na5 10. Bc2 c5 11. d4 cxd4 12. cxd4 Qc7 13. Bg5 h6 14. Bd2 Nc4 15. Bc3
Rd8 16. d5 a5 17. a3 Bd7 18. b4 a4 19. Nbd2 Rdc8 20. Bd3 Nxd2 21. Bxd2 Qb7 22.
Qe2 Rc7 23. Rec1 Rac8 24. Qf1 Nh5 25. Rxc7 Rxc7 26. g4 Nf4 27. Bxf4 exf4 28.
Rc1 Bf6 29. Rxc7 Qxc7 30. Bxb5 Bxb5 31. Qxb5 Qc1+ 32. Kg2 Qxa3 33. Qe8+ Kh7 34.
Qxf7 Qb2 35. g5 1/2-1/2

[Event "18.Open Seefeld"]
[Site "Seefeld / Oesterreich"]
[Date "2007.09.07"]
[Round "7"]
[White "Stock, Juergen"]
[Black "Huettemann, Ralf"]
[Result "1-0"]
[WhiteElo "2074"]
[BlackElo "1998"]
[PlyCount "177"]
[EventDate "2007.09.01"]
[EventType "swiss"]
[EventRounds "9"]
[EventCountry "AUT"]

1. d4 d5 2. c3 g6 3. Bg5 f6 4. Bh4 Nh6 5. Nd2 Nf5 6. Bg3 Bh6 7. e3 O-O 8. Bd3
c5 9. Ngf3 Nc6 10. Qe2 Re8 11. dxc5 e5 12. e4 dxe4 13. Nxe4 Be6 14. Nh4 Nxg3
15. hxg3 Bf8 16. Rd1 f5 17. Bc4 Nd4 18. cxd4 fxe4 19. d5 Qa5+ 20. Kf1 Bf7 21.
Qxe4 Qxc5 22. Nf3 Rac8 23. Bb3 Qd6 24. Qh4 h6 25. Ng5 Red8 26. Ne4 Qa6+ 27. Kg1
Bg7 28. g4 g5 29. Qg3 Qe2 30. Qf3 Qxf3 31. gxf3 Rd7 32. Kg2 b6 33. Rd2 Kf8 34.
Rhd1 Bg8 35. Ba4 Rdd8 36. d6 Bf7 37. Nc3 Rc4 38. Bb3 Rc6 39. Bc2 a6 40. Be4 Rc4
41. Bd3 Rd4 42. Ne4 a5 43. b3 Bd5 44. Nc3 Rxg4+ 45. Kf1 Bxf3 46. Be2 Bxe2+ 47.
Kxe2 h5 48. Na4 Rd4 49. Nxb6 R8xd6 50. Rxd4 exd4 51. Nc4 Rd5 52. Rh1 g4 53. f3
g3 54. f4 Bh6 55. Ne5 Kg7 56. Kf3 g2 57. Rg1 Kf6 58. Ke4 Rd8 59. Rxg2 Bf8 60.
Rg6+ Ke7 61. f5 Rd6 62. Nc6+ Kf7 63. Ne5+ Ke7 64. Rxd6 Kxd6 65. Nc4+ Kc5 66.
Nxa5 h4 67. Nc4 h3 68. Kf3 Kd5 69. Kg3 h2 70. Kxh2 Ke4 71. f6 Kf5 72. f7 Kf6
73. Kg2 Kxf7 74. Kf3 Ke6 75. Ke4 Bc5 76. a3 Ba7 77. b4 Kd7 78. Kd5 Kc7 79. Ne5
Kb7 80. a4 Ka6 81. Kc6 Bb6 82. b5+ Ka5 83. Nc4+ Kb4 84. Nxb6 d3 85. Nd5+ Ka5
86. b6 d2 87. Ne3 Ka6 88. Kc7 Ka5 89. Nc4+ 1-0

[Event "18.Open Seefeld"]
[Site "Seefeld / Oesterreich"]
[Date "2007.09.07"]
[Round "7"]
[White "Hofer, Franz"]
[Black "Helbig, Dieter"]
[Result "1/2-1/2"]
[WhiteElo "2051"]
[BlackElo "1863"]
[PlyCount "91"]
[EventDate "2007.09.01"]
[EventType "swiss"]
[EventRounds "9"]
[EventCountry "AUT"]

1. c4 Nf6 2. g3 g6 3. Bg2 Bg7 4. Nc3 d6 5. d3 O-O 6. Bg5 h6 7. Bd2 c6 8. Rb1 e5
9. e4 a5 10. a3 Na6 11. b4 axb4 12. axb4 Nc7 13. Nge2 Be6 14. O-O d5 15. exd5
cxd5 16. c5 Qd7 17. b5 Ra5 18. Nxd5 Rxb5 19. Nxf6+ Bxf6 20. Bxh6 Rb8 21. Be3
Nd5 22. Rxb5 Qxb5 23. Qb1 Qe8 24. Rc1 Nxe3 25. fxe3 Bg5 26. Kf2 Qd8 27. Ng1 Bf5
28. Ke2 Bxe3 29. Kxe3 Qg5+ 30. Ke2 Rd8 31. Rd1 Qh5+ 32. Nf3 Bg4 33. Kf2 e4 34.
dxe4 Qxc5+ 35. Kf1 Ra8 36. Qxb7 Ra2 37. Qb8+ Kg7 38. Qe5+ Qxe5 39. Nxe5 Bxd1
40. Kg1 f6 41. Nc4 Be2 42. Ne3 Bd3 43. Nf1 Re2 44. Bf3 Re1 45. Bg2 Bxf1 46. Kf2
1/2-1/2

[Event "18.Open Seefeld"]
[Site "Seefeld / Oesterreich"]
[Date "2007.09.07"]
[Round "7"]
[White "Kesik, Marco"]
[Black "Pregl, Walter"]
[Result "0-1"]
[WhiteElo "1954"]
[BlackElo "2046"]
[PlyCount "52"]
[EventDate "2007.09.01"]
[EventType "swiss"]
[EventRounds "9"]
[EventCountry "AUT"]

1. d4 Nf6 2. c4 g6 3. Nc3 Bg7 4. e4 d6 5. f4 O-O 6. Nf3 c5 7. d5 e6 8. Bd3 exd5
9. cxd5 b5 10. Bxb5 Nxe4 11. Bd2 Nxd2 12. Qxd2 Qb6 13. Bc4 Qb4 14. Be2 Re8 15.
a3 Qa5 16. O-O Nd7 17. Bb5 Bxc3 18. Qd3 Bg7 19. Rae1 Rf8 20. Re7 Nf6 21. b4
cxb4 22. axb4 Qxb4 23. Rb1 Qc5+ 24. Qd4 Qxd4+ 25. Nxd4 Nxd5 26. Re4 Nc3 0-1

[Event "18.Open Seefeld"]
[Site "Seefeld / Oesterreich"]
[Date "2007.09.07"]
[Round "7"]
[White "Maurer, Rainer"]
[Black "Stuch, Hans-Ferdinand"]
[Result "1-0"]
[WhiteElo "2117"]
[BlackElo "1602"]
[PlyCount "43"]
[EventDate "2007.09.01"]
[EventType "swiss"]
[EventRounds "9"]
[EventCountry "AUT"]

1. d4 e5 2. e4 exd4 3. Nf3 Bc5 4. Bc4 d5 5. Bxd5 Nf6 6. Bg5 h6 7. Bxf6 Qxf6 8.
Qd3 O-O 9. Nbd2 c6 10. Bb3 a5 11. a3 Nd7 12. O-O Ne5 13. Nxe5 Qxe5 14. f4 Qc7
15. Kh1 b6 16. e5 Ba6 17. Qf5 Bxf1 18. Rxf1 Be7 19. Ne4 c5 20. Nf6+ gxf6 21.
exf6 Qc8 22. Qg6+ 1-0

[Event "18.Open Seefeld"]
[Site "Seefeld / Oesterreich"]
[Date "2007.09.07"]
[Round "7"]
[White "Niebergall, Gerhard"]
[Black "Wittelsberger, Helmut"]
[Result "1-0"]
[WhiteElo "2136"]
[BlackElo "1996"]
[PlyCount "113"]
[EventDate "2007.09.01"]
[EventType "swiss"]
[EventRounds "9"]
[EventCountry "AUT"]

1. e4 c5 2. Nc3 d6 3. f4 Nc6 4. Nf3 e6 5. Bb5 Bd7 6. d3 Be7 7. O-O Nf6 8. Bxc6
Bxc6 9. Bd2 O-O 10. Ne2 Nd7 11. Ng3 e5 12. Nf5 exf4 13. Bxf4 Nf6 14. N3h4 Bd7
15. Nxe7+ Qxe7 16. Bg5 Qe5 17. Bxf6 gxf6 18. c3 Qg5 19. Nf5 Bxf5 20. Rxf5 Qg6
21. Qf3 Rad8 22. Rxf6 Qg7 23. Rf4 Kh8 24. Rf1 Rd7 25. Qh3 Re7 26. Rg4 Qe5 27.
Rf5 Qe6 28. Rh5 f6 29. Rgh4 Qxh3 30. Rxh3 Rg8 31. Rf3 Rg6 32. g3 Kg7 33. Rd5
Rd7 34. Kg2 Rg5 35. Rff5 Rxf5 36. Rxf5 Kf7 37. c4 Ke6 38. Kf3 a6 39. Rh5 b5 40.
b3 bxc4 41. dxc4 a5 42. Kf4 Rb7 43. g4 a4 44. Rh6 axb3 45. axb3 Rxb3 46. g5 Rc3
47. Rxf6+ Ke7 48. Rh6 Rxc4 49. Kf5 Rc2 50. Rxh7+ Kf8 51. h4 c4 52. h5 c3 53.
Rc7 Rf2+ 54. Kg6 Re2 55. h6 Rxe4 56. h7 Re6+ 57. Kh5 1-0

[Event "18.Open Seefeld"]
[Site "Seefeld / Oesterreich"]
[Date "2007.09.07"]
[Round "7"]
[White "Schumacher, Helmut"]
[Black "Schett, Franz"]
[Result "1-0"]
[WhiteElo "2103"]
[BlackElo "1994"]
[PlyCount "109"]
[EventDate "2007.09.01"]
[EventType "swiss"]
[EventRounds "9"]
[EventCountry "AUT"]

1. d4 d5 2. Nc3 Nf6 3. Bg5 Nbd7 4. Nf3 g6 5. e3 c6 6. Bd3 Bg7 7. O-O O-O 8. Re1
Qb6 9. Rb1 Qa5 10. h3 b5 11. b4 Qb6 12. a4 a5 13. axb5 axb4 14. Rxb4 c5 15. Ra4
Bb7 16. Rxa8 Rxa8 17. dxc5 Qxc5 18. Qd2 e5 19. Bxf6 Bxf6 20. e4 d4 21. Nd5 Bd8
22. Qh6 f5 23. exf5 Qxd5 24. fxg6 hxg6 25. Qxg6+ Kf8 26. Be4 Qxb5 27. Qh6+ Ke7
28. Ng5 Bd5 29. Qg7+ Kd6 30. Nf7+ Bxf7 31. Bxa8 Qa5 32. Rb1 Qxa8 33. Qxf7 Qc6
34. Qb3 Nc5 35. Qb8+ Bc7 36. Qf8+ Kd5 37. Qf7+ Ne6 38. Qf5 Nf4 39. Re1 Kc5 40.
f3 Nd5 41. Qd3 Nc3 42. Ra1 Qd6 43. Qf5 d3 44. Qxd3 Qd4+ 45. Kf1 e4 46. Qxd4+
Kxd4 47. fxe4 Kxe4 48. Re1+ Kf4 49. g3+ Kf3 50. g4 Bf4 51. Ra1 Kg3 52. Ra3 Bd2
53. g5 Kxh3 54. g6 Kg4 55. g7 1-0